000 00302 a2200157 4500
001 188525
020 _a
040 _cMagnum
100 _aAlonso, Jose Bruna
240 1 0 _aCaminhos
_lpor
245 1 0 _aCaminhos
300 _a392
362 0 _a2009
697 _aBIOGRAFIAS E AFINS
942 _cBK
999 _c188525
_d188525